00342nam a2200121Ia 4500003000400000008004100004040001600045082001800061245007000079260005500149300001100204490000500215GCL140319s9999 xx 000 0 ara d aGCL / cGCL04a614.43bس ا10aمكافحة الحشرات فى مجال الصحة العامة a[S.N] : bدار الفكر العربى ، c1969 a310 ص a